000 00389nam a2200169Ia 4500
003 0STCL
008 150530s9999 xx 000 0 und d
040 _aSTCL
_cSTCL
100 _aLamb; Brown, J.M.; Editor
245 _aPortable Charles Lamb
250 _aFirst
260 _bPenguin books
_c1981
546 _aEnglish
942 _2ddc
_cBK
999 _c60500
_d60500
005 20220125171136.0